[Event "Schachfestival 2020-Open"]
[Site "Bad Woerishofen"]
[Date "2020.03.20"]
[Round "5.3"]
[White "Dorst, Johannes"]
[Black "Santiago, Yago"]
[Result "0-1"]
[WhiteElo "2253"]
[BlackElo "2493"]
[Annotator "chessorg"]
[PlyCount "138"]
[EventDate "2020.??.??"]
[WhiteTeam "SK Marburg 1931/72"]

1. c4 Nf6 2. g3 c5 3. Bg2 d5 4. cxd5 Nxd5 5. Nc3 Nc7 6. a3 g6 7. b4 cxb4 8.
axb4 Bg7 9. Bb2 O-O 10. Nf3 e5 11. O-O Nc6 12. b5 Nd4 13. b6 Nxf3+ 14. Bxf3
axb6 15. Qb3 Rxa1 16. Rxa1 Ne6 17. Nd5 Re8 18. d3 Nc5 19. Qb4 Na6 20. Qb5 Re6
21. Qb3 Bd7 22. Bg4 Nc5 23. Qa2 Rd6 24. Bxd7 Rxd7 25. Ne3 b5 26. Qa5 Na4 27.
Qxd8+ Rxd8 28. Rb1 Rc8 29. Ba3 Nc3 30. Rb2 Bf8 31. Bxf8 Kxf8 32. Kf1 Rc5 33.
Ke1 Ke7 34. Kd2 Kd6 35. Nc2 Kc7 36. Rb3 Na4 37. h4 Kb6 38. Ne3 Ka5 39. Nc2 Rd5
40. Rb1 h5 41. Rb3 f6 42. Ke3 Rc5 43. Kd2 b4 44. Ne3 b5 45. Nd1 Rc6 46. e3 Nc5
47. Rb1 Rd6 48. Nb2 Nxd3 49. Nxd3 e4 50. Ra1+ Kb6 51. Ra8 Rxd3+ 52. Kc1 Rd6 53.
Rg8 f5 54. Kc2 Kc5 55. Rg7 Rd3 56. Rc7+ Kb6 57. Rg7 b3+ 58. Kc1 Kc5 59. Rxg6
Kb4 60. Rh6 Rc3+ 61. Kb1 Rc2 62. Rxh5 Rxf2 63. Rh8 Rf3 64. Rf8 Rxe3 65. Rxf5
Re1+ 66. Kb2 Re2+ 67. Kb1 Ka3 68. Rf1 e3 69. h5 Rb2+ 0-1

[Event "Schachfestival 2020-Open"]
[Site "Bad Woerishofen"]
[Date "2020.03.20"]
[Round "5.4"]
[White "Wacker, Peter"]
[Black "Karpatchev, Alexandr"]
[Result "0-1"]
[WhiteElo "2274"]
[BlackElo "2412"]
[Annotator "chessorg"]
[PlyCount "104"]
[EventDate "2020.??.??"]
[WhiteTeam "Klub Koelner SF e.V. 1967"]
[BlackTeam "SF Bad Mergentheim"]

1. e4 e5 2. Nf3 Nc6 3. Bb5 a6 4. Bxc6 dxc6 5. d4 exd4 6. Qxd4 Qxd4 7. Nxd4 Bd7
8. Be3 O-O-O 9. Nc3 Bb4 10. Nde2 Nf6 11. f3 Rhe8 12. O-O-O Ng8 13. a3 Bf8 14.
Rd2 f5 15. Bg5 Nf6 16. Ng3 fxe4 17. Ngxe4 Be7 18. h4 Bf5 19. Rxd8+ Bxd8 20. Ng3
Bg6 21. Bd2 h6 22. h5 Bh7 23. Re1 Rxe1+ 24. Bxe1 Kd7 25. Nce4 Bxe4 26. fxe4 Ng4
27. Nf5 Bf6 28. Bc3 Bxc3 29. bxc3 Ke6 30. a4 Ke5 31. Nxg7 a5 32. Ne8 Nf2 33.
Nxc7 Nxe4 34. Kb2 Nf6 35. Na8 Kd5 36. Kb3 Nxh5 37. Nb6+ Kc5 38. Nc4 b6 39. Ne5
Nf6 40. c4 h5 41. Kc3 Ne4+ 42. Kd3 Nf2+ 43. Kc3 Nd1+ 44. Kd2 Nb2 45. Kc3 Nxa4+
46. Kb3 Kd6 47. Nf7+ Ke7 48. Kxa4 Kxf7 49. c5 bxc5 50. Kxa5 Ke6 51. Kb6 Kd5 52.
g3 c4 0-1

[Event "Schachfestival 2020-Open"]
[Site "Bad Woerishofen"]
[Date "2020.03.09"]
[Round "5.5"]
[White "Akash G"]
[Black "Dauletova, Gulmira"]
[Result "1-0"]
[WhiteElo "2487"]
[BlackElo "2299"]
[PlyCount "73"]
[EventDate "2020.??.??"]

1. e4 e5 2. Nf3 d6 3. d4 exd4 4. Nxd4 Nf6 5. Nc3 Be7 6. g3 Nc6 7. Bg2 O-O 8.
O-O Bd7 9. Nf5 Bxf5 10. exf5 h6 11. g4 Re8 12. a4 a5 13. f4 Nh7 14. Nd5 Bh4 15.
Ra3 Nb4 16. Nxb4 axb4 17. Rh3 c6 18. Kh1 Be7 19. g5 Bf8 20. f6 gxf6 21. gxh6 f5
22. Be3 Re6 23. Rg1 Rg6 24. Bd5 Qf6 25. Rhg3 Ng5 26. fxg5 Qe7 27. Bd4 cxd5 28.
Re3 Qc7 29. h7+ Kxh7 30. Rh3+ Bh6 31. Qh5 Kg8 32. Qxh6 Rxh6 33. Rxh6 Kf8 34.
Re1 f6 35. Rh8+ Kg7 36. Bxf6+ Kg6 37. Rh6+ 1-0

[Event "Schachfestival 2020-Open"]
[Site "Bad Woerishofen"]
[Date "2020.03.09"]
[Round "5.6"]
[White "Stojanovski, Sandi"]
[Black "Gutman, Lev"]
[Result "1-0"]
[WhiteElo "2209"]
[BlackElo "2406"]
[PlyCount "95"]
[EventDate "2020.??.??"]
[BlackTeam "SV Lingen"]

1. c4 Nf6 2. Nc3 g6 3. e4 Bg7 4. d4 O-O 5. Nf3 c6 6. Bd3 d6 7. h3 Na6 8. O-O e5
9. d5 Nc5 10. Bc2 cxd5 11. cxd5 a5 12. Nd2 b6 13. Nb5 Ba6 14. a4 Rc8 15. Re1
Bxb5 16. axb5 Qc7 17. b3 Bh6 18. Nc4 Bxc1 19. Qxc1 Nh5 20. Qe3 Rb8 21. g3 Qe7
22. Bd1 Nf6 23. Bf3 Kg7 24. Bg2 Rfe8 25. Ra2 Qd7 26. Qc3 Qe7 27. f4 Nfd7 28.
Rf1 Kg8 29. f5 f6 30. h4 gxf5 31. Rxf5 Kh8 32. Qf3 Rg8 33. Kh2 Rg6 34. Bh3 Rbg8
35. Rg2 a4 36. bxa4 Nxa4 37. Rh5 Nac5 38. Ne3 Ra8 39. Bf5 Kg8 40. Ng4 Rg7 41.
Bxd7 Nxd7 42. Nh6+ Kh8 43. Nf5 Qf8 44. Nxg7 Qxg7 45. g4 Rg8 46. g5 Qf7 47. Rh6
Rg6 48. h5 1-0

[Event "Schachfestival 2020-Open"]
[Site "Bad Woerishofen"]
[Date "2020.03.09"]
[Round "5.7"]
[White "Felgendreher, Heiko"]
[Black "Assaubayeva, Bibisara"]
[Result "0-1"]
[WhiteElo "2186"]
[BlackElo "2370"]
[Annotator "chessorg"]
[PlyCount "74"]
[EventDate "2020.??.??"]
[WhiteTeam "Freibauer Moerlenbach"]

1. e4 c5 2. Nf3 d6 3. d4 cxd4 4. Nxd4 Nf6 5. Nc3 a6 6. Be3 e5 7. Nb3 Be6 8. f3
h5 9. Qd2 Nbd7 10. Nd5 Bxd5 11. exd5 b5 12. a4 b4 13. a5 Qc8 14. Be2 Qb7 15.
Rd1 Be7 16. O-O h4 17. Qd3 O-O 18. Bf2 h3 19. g4 Rfc8 20. Rd2 Nf8 21. f4 Ng6
22. Bg3 Qa7+ 23. Kh1 e4 24. Qd4 Qxd4 25. Nxd4 Nxd5 26. Nf5 Rc5 27. Rfd1 Nf6 28.
Nxe7+ Nxe7 29. Bf2 Rxa5 30. Rxd6 Nfd5 31. Bc4 Nxf4 32. Bb6 Rg5 33. Bd8 Re5 34.
Bc7 Rc5 35. Rd7 Rxc4 36. Bxf4 Ng6 37. Bd6 e3 0-1

[Event "Schachfestival 2020-Open"]
[Site "Bad Woerishofen"]
[Date "2020.03.09"]
[Round "5.8"]
[White "Pirrot, Dieter"]
[Black "Winkel, Peter"]
[Result "1/2-1/2"]
[WhiteElo "2313"]
[BlackElo "2175"]
[PlyCount "69"]
[EventDate "2020.??.??"]
[WhiteTeam "SV 1920 Hofheim"]
[BlackTeam "Turm Krefeld"]

1. e4 c6 2. d4 d5 3. f3 e6 4. Be3 Qb6 5. Nd2 Qxb2 6. Bd3 Qa3 7. Ne2 c5 8. c3
Nc6 9. O-O Nf6 10. e5 cxd4 11. Nb1 Qb2 12. cxd4 Qxa1 13. Qb3 Nd7 14. Nbc3 Qxf1+
15. Kxf1 a6 16. f4 b5 17. f5 Na5 18. Qd1 Nb6 19. fxe6 Bxe6 20. Nf4 Nac4 21. Bf2
Nb2 22. Qh5 Nxd3 23. Nxe6 Ra7 24. Nxf8 Rxf8 25. Qf5 Nxf2 26. Nxd5 Nxd5 27. Qc8+
Ke7 28. Qc5+ Ke6 29. Qxf8 Ne4 30. Qxg7 Ndc3 31. Qxh7 Kd5 32. e6 Kxe6 33. Qh5 f6
34. Qe8+ Kd5 35. h4 1/2-1/2

[Event "Schachfestival 2020-Open"]
[Site "Bad Woerishofen"]
[Date "2020.03.09"]
[Round "5.9"]
[White "Gutierrez Carmona, Juan Alejandro"]
[Black "Vetokhin, Savva"]
[Result "0-1"]
[WhiteElo "2183"]
[BlackElo "2273"]
[PlyCount "46"]
[EventDate "2020.??.??"]
[BlackTeam "Botvinnik chess club"]

1. e4 c5 2. Nc3 Nc6 3. Bb5 g6 4. Bxc6 dxc6 5. d3 Bg7 6. Be3 b6 7. Qd2 Nf6 8. h3
O-O 9. Bh6 e5 10. Nge2 Ba6 11. b3 Qe7 12. g4 Bc8 13. Ng3 Ne8 14. O-O-O a5 15.
a4 b5 16. Rdg1 c4 17. Bxg7 Nxg7 18. Qh6 cxb3 19. cxb3 bxa4 20. Nxa4 Qa3+ 21.
Nb2 Rb8 22. Nf5 Bxf5 23. gxf5 Rxb3 0-1

[Event "Schachfestival 2020-Open"]
[Site "Bad Woerishofen"]
[Date "2020.03.20"]
[Round "5.11"]
[White "Eckardt, Joshua"]
[Black "Ballon, Guenther Jan"]
[Result "1-0"]
[WhiteElo "2270"]
[BlackElo "2167"]
[Annotator "chessorg"]
[PlyCount "83"]
[EventDate "2020.??.??"]
[WhiteTeam "SK Koenigsspringer Iserlohn 1934"]
[BlackTeam "Caissa Amsterdam"]

1. d4 Nf6 2. c4 e6 3. g3 c6 4. Nf3 d5 5. Nc3 Be7 6. Bg2 O-O 7. O-O b6 8. Qc2
Bb7 9. e4 dxe4 10. Nxe4 Nbd7 11. Rd1 Qc8 12. Nxf6+ Nxf6 13. c5 Rd8 14. Bd2 h6
15. b4 b5 16. a4 a6 17. Bf1 Qd7 18. Re1 Qe8 19. Bd3 Nd5 20. a5 Bf6 21. Re4 Bc8
22. Rae1 Qf8 23. h4 h5 24. Ne5 Bxe5 25. dxe5 Ra7 26. Be2 f5 27. exf6 Nxf6 28.
Re5 Rd5 29. Rg5 Rf7 30. f4 Rfd7 31. Bc3 Rxg5 32. hxg5 Ng4 33. Bf3 Rc7 34. Qd3
Rd7 35. Qe4 Rc7 36. Rd1 Bd7 37. Be5 Rb7 38. Rd6 Qe8 39. Bc3 Rc7 40. Bd1 g6 41.
Qd4 e5 42. fxe5 1-0

[Event "Schachfestival 2020-Open"]
[Site "Bad Woerishofen"]
[Date "2020.03.09"]
[Round "5.15"]
[White "Tscharotschkin, Michael"]
[Black "Roemhild, Marcus"]
[Result "0-1"]
[WhiteElo "2191"]
[BlackElo "2084"]
[PlyCount "58"]
[EventDate "2020.??.??"]
[WhiteTeam "SF 47 Neckartenzlingen"]
[BlackTeam "Bielefelder SK von 1883 e.V."]

1. d4 Nf6 2. Nf3 c5 3. e3 g6 4. c4 Bg7 5. Nc3 O-O 6. Be2 cxd4 7. exd4 d5 8. h3
Nc6 9. O-O e6 10. Be3 b6 11. Rc1 Bb7 12. cxd5 Nxd5 13. Nxd5 Qxd5 14. Bc4 Qd8
15. d5 Na5 16. dxe6 Nxc4 17. exf7+ Rxf7 18. Rxc4 Ba6 19. Rc6 Bxf1 20. Rd6 Qc7
21. Kxf1 Qc4+ 22. Kg1 Qxa2 23. Ng5 Re7 24. Rd8+ Rxd8 25. Qxd8+ Bf8 26. Bd4 Qb1+
27. Kh2 Qf5 28. Be3 Qd7 29. Qa8 Qb7 0-1

[Event "Schachfestival 2020-Open"]
[Site "Bad Woerishofen"]
[Date "2020.03.09"]
[Round "5.19"]
[White "Arndt, Stefan"]
[Black "Hipp, Hermann"]
[Result "1-0"]
[WhiteElo "2160"]
[BlackElo "1964"]
[PlyCount "33"]
[EventDate "2020.??.??"]
[WhiteTeam "SG Ennepe-Ruhr-Sued"]

1. e4 c6 2. Nc3 d5 3. Nf3 dxe4 4. Nxe4 Nf6 5. Qe2 Nxe4 6. Qxe4 Qd5 7. Qh4 Bf5
8. Bc4 Qd6 9. d3 e6 10. O-O Be7 11. Bg5 h6 12. Bxe7 Qxe7 13. Qg3 O-O 14. Rae1
b5 15. Bb3 a5 16. Nd4 Bh7 17. Nxe6 1-0

[Event "Schachfestival 2020-Open"]
[Site "Bad Woerishofen"]
[Date "2020.03.09"]
[Round "5.28"]
[White "Pitschka, Claus"]
[Black "Jungbluth, Michael"]
[Result "1/2-1/2"]
[WhiteElo "2150"]
[BlackElo "2036"]
[Annotator "chessorg"]
[PlyCount "52"]
[EventDate "2020.??.??"]
[WhiteTeam "SC Garching 1980 e.V."]
[BlackTeam "SV Unser Fritz Wanne-Eickel 1955 e.V."]

1. d4 Nf6 2. Bf4 g6 3. Nc3 d6 4. e4 c6 5. Qd2 Qa5 6. Nf3 Bg4 7. Be2 Bxf3 8.
Bxf3 e5 9. Be3 Nbd7 10. O-O Bg7 11. Be2 O-O 12. f4 exd4 13. Bxd4 Nxe4 14. Qd3
Bxd4+ 15. Qxd4 Nxc3 16. bxc3 Qc5 17. Rad1 Qxd4+ 18. Rxd4 d5 19. c4 Nb6 20. cxd5
Nxd5 21. Bf3 Nb6 22. a4 Rad8 23. Rb4 Rd7 24. Rfb1 Rb8 25. a5 Nd5 26. R4b3 Kf8
1/2-1/2

[Event "Schachfestival 2020-Open"]
[Site "Bad Woerishofen"]
[Date "2020.03.09"]
[Round "5.29"]
[White "Rueberg, Jobst"]
[Black "Behling, Robert"]
[Result "1/2-1/2"]
[WhiteElo "2115"]
[BlackElo "2025"]
[Annotator "chessorg"]
[PlyCount "24"]
[EventDate "2020.??.??"]
[WhiteTeam "SV Ahlen"]
[BlackTeam "SAbt TSV Haunstetten"]

1. e4 c6 2. c4 d5 3. exd5 cxd5 4. cxd5 Nf6 5. Nc3 Nxd5 6. Nf3 Nxc3 7. bxc3 g6
8. d4 Bg7 9. Be2 Nc6 10. Be3 b6 11. Rc1 e5 12. Qa4 Bb7 1/2-1/2

[Event "Schachfestival 2020-Open"]
[Site "Bad Woerishofen"]
[Date "2020.03.09"]
[Round "5.32"]
[White "Reuter, Roland"]
[Black "Kraemer, Max"]
[Result "0-1"]
[WhiteElo "1914"]
[BlackElo "2065"]
[PlyCount "100"]
[EventDate "2020.??.??"]
[WhiteTeam "SK Schwabach 1907 e.V."]
[BlackTeam "SK Caissa Augsburg"]

1. Nf3 d5 2. c4 e6 3. d4 Nf6 4. Nc3 Be7 5. e3 O-O 6. Be2 b6 7. O-O Bb7 8. Ne5
Nbd7 9. f4 c5 10. b3 Rc8 11. Bb2 dxc4 12. bxc4 Ne4 13. Bf3 Nxc3 14. Bxc3 Bxf3
15. Qxf3 cxd4 16. Nc6 Rxc6 17. Qxc6 dxc3 18. Rad1 Nb8 19. Qb7 Qe8 20. Rd3 Bb4
21. a3 Ba5 22. Qxa7 Qc8 23. Qe7 Re8 24. Qg5 h6 25. Qb5 Na6 26. Rd4 Nc5 27. Rfd1
Qa8 28. h3 g6 29. Kh2 Kg7 30. e4 e5 31. Rd5 exf4 32. e5 Re6 33. Rf1 Qa6 34.
Qxa6 Nxa6 35. Rxf4 Nc5 36. Rf2 Re7 37. Kg1 Rd7 38. Kf1 Rc7 39. Rd4 Nb3 40. Rd1
Nd2+ 41. Ke2 Nxc4 42. e6 Re7 43. Rd7 Rxe6+ 44. Kd1 Rd6+ 45. Rxd6 Nxd6 46. Kc2
Nb5 47. a4 Nd4+ 48. Kd3 Ne6 49. Kc4 Nc5 50. Ra2 Nxa4 0-1

[Event "Schachfestival 2020-Open"]
[Site "Bad Woerishofen"]
[Date "2020.03.09"]
[Round "5.34"]
[White "Schroeder, Volker"]
[Black "Koch, Harald"]
[Result "1/2-1/2"]
[WhiteElo "2103"]
[BlackElo "1957"]
[Annotator "chessorg"]
[PlyCount "45"]
[EventDate "2020.??.??"]
[WhiteTeam "SK Weinheim 1911 e.V."]
[BlackTeam "SK Kissing"]

1. d4 Nc6 2. Nf3 d5 3. g3 Nf6 4. Bg2 e6 5. O-O Bd6 6. c4 dxc4 7. Nbd2 O-O 8.
Nxc4 Re8 9. Re1 Bd7 10. e4 e5 11. dxe5 Bxe5 12. Nfxe5 Nxe5 13. Nxe5 Rxe5 14.
Qd4 Qe7 15. Bf4 Re6 16. Bg5 h6 17. Bxf6 Rxf6 18. Rac1 Rc6 19. e5 Rxc1 20. Rxc1
c6 21. Rd1 Be6 22. a3 Bb3 23. Rd3 1/2-1/2

[Event "Schachfestival 2020-Open"]
[Site "Bad Woerishofen"]
[Date "2020.03.09"]
[Round "5.39"]
[White "Lindenmair, Anton"]
[Black "Oparaugo, Thomas"]
[Result "1/2-1/2"]
[WhiteElo "1993"]
[BlackElo "2039"]
[Annotator "chessorg"]
[PlyCount "27"]
[EventDate "2020.??.??"]
[WhiteTeam "DBSB"]
[BlackTeam "SV Oberursel"]

1. d4 c6 2. c4 d6 3. e4 e5 4. Nf3 Bg4 5. Be3 Nd7 6. Be2 Ngf6 7. O-O Be7 8. Re1
a5 9. d5 O-O 10. Nfd2 Bxe2 11. Qxe2 Kh8 12. Kh1 Kg8 13. b3 Kh8 14. Kg1 1/2-1/2

[Event "Schachfestival 2020-Open"]
[Site "Bad Woerishofen"]
[Date "2020.03.09"]
[Round "5.40"]
[White "Heinich, Manfred"]
[Black "Walter, Mario"]
[Result "1/2-1/2"]
[WhiteElo "1969"]
[BlackElo "1876"]
[Annotator "chessorg"]
[PlyCount "43"]
[EventDate "2020.??.??"]
[WhiteTeam "DBSB"]
[BlackTeam "SF Dachau 1932 e.V."]

1. d4 e6 2. c4 f5 3. Nf3 d5 4. g3 Nf6 5. Bg2 c6 6. O-O Bd6 7. b3 Qe7 8. a4 a5
9. Ba3 Bxa3 10. Nxa3 b6 11. Ne5 Bb7 12. Nc2 Na6 13. Ne1 O-O 14. N1d3 Rfd8 15.
e3 Nd7 16. Qd2 Nxe5 17. Nxe5 Rac8 18. Rfc1 c5 19. cxd5 Bxd5 20. Bxd5 Rxd5 21.
Rc4 Nb4 22. Qc3 1/2-1/2

[Event "Schachfestival 2020-Open"]
[Site "Bad Woerishofen"]
[Date "2020.03.09"]
[Round "5.45"]
[White "Valet, Richard"]
[Black "Kluegel, Jan"]
[Result "1-0"]
[WhiteElo "2034"]
[BlackElo "1846"]
[PlyCount "76"]
[EventDate "2020.??.??"]
[WhiteTeam "Greifswalder SV"]

1. e4 c6 2. d4 d5 3. exd5 cxd5 4. Bd3 Nc6 5. c3 Qc7 6. Ne2 Bg4 7. O-O e6 8. Qe1
Bh5 9. Nf4 Nf6 10. Nxh5 Nxh5 11. f4 Bd6 12. Qh4 g6 13. g4 Be7 14. Qh3 Nf6 15.
Nd2 O-O-O 16. Kh1 h5 17. g5 Ne8 18. Nf3 Ng7 19. Bd2 Bd6 20. Rac1 Nf5 21. Ne5
Kb8 22. Rc2 Qe7 23. Be3 Rc8 24. Rfc1 Rc7 25. b3 Rhc8 26. Nxc6+ Rxc6 27. c4 Ba3
28. Rb1 Bb4 29. c5 a6 30. a3 Ba5 31. b4 Bd8 32. a4 f6 33. b5 axb5 34. axb5 R6c7
35. b6 Rc6 36. Ra2 Qf7 37. Bxf5 exf5 38. Bd2 Qe7 1-0

[Event "Schachfestival 2020-Open"]
[Site "Bad Woerishofen"]
[Date "2020.03.09"]
[Round "5.46"]
[White "Malzer, Werner"]
[Black "Matzat, Andre"]
[Result "0-1"]
[WhiteElo "1836"]
[BlackElo "2002"]
[PlyCount "66"]
[EventDate "2020.??.??"]
[WhiteTeam "TSV Kirchenlaibach"]
[BlackTeam "Oberhausener SV 1887 e.V."]

1. e4 c5 2. Nf3 e6 3. d4 cxd4 4. Nxd4 a6 5. Bd3 Nf6 6. O-O Qc7 7. Nc3 d6 8. Be3
Nbd7 9. h3 Be7 10. Rc1 O-O 11. Qd2 Re8 12. Rfd1 b6 13. Nde2 Bb7 14. Ng3 Bf8 15.
a3 b5 16. b4 Ne5 17. Bf4 Nc4 18. Bxc4 Qxc4 19. e5 dxe5 20. Bxe5 Be7 21. Qe3 Qc6
22. f3 Nd7 23. Nce2 Nxe5 24. Qxe5 Rad8 25. Qb2 Qb6+ 26. Kf1 Bg5 27. Nh5 e5 28.
Rb1 Qg6 29. Nhg3 Bd5 30. Nc3 Bc4+ 31. Kg1 Be3+ 32. Kh2 Bf4 33. Nce4 f5 0-1

[Event "Schachfestival 2020-Open"]
[Site "Bad Woerishofen"]
[Date "2020.03.09"]
[Round "5.56"]
[White "Funke, Joerg-Dietmar"]
[Black "Schleich, Theo"]
[Result "1/2-1/2"]
[WhiteElo "1922"]
[BlackElo "1963"]
[Annotator "chessorg"]
[PlyCount "29"]
[EventDate "2020.??.??"]
[WhiteTeam "SC Naunhof"]
[BlackTeam "Muenchner SC 1836"]

1. e4 c5 2. Nc3 a6 3. g3 b5 4. a3 Bb7 5. Bg2 e6 6. d3 d6 7. f4 Be7 8. Qg4 Nf6
9. Qe2 b4 10. axb4 cxb4 11. Na4 Nc6 12. e5 Nd7 13. Qf2 O-O 14. Nf3 f6 15. Bh3
1/2-1/2

﻿

[Event "Schachfestival 2020-Open"]
[Site "Bad Woerishofen"]
[Date "2020.03.11"]
[Round "6.1"]
[White "Vorobiov, Evgeny"]
[Black "Santiago, Yago"]
[Result "1/2-1/2"]
[WhiteElo "2534"]
[BlackElo "2493"]
[PlyCount "23"]
[EventDate "2020.??.??"]

1. d4 e6 2. Nf3 Nf6 3. c4 b6 4. Bf4 Bb7 5. e3 Bb4+ 6. Nfd2 O-O 7. a3 Be7 8. Nc3
d5 9. cxd5 Nxd5 10. Nxd5 exd5 11. b4 c5 12. bxc5 1/2-1/2

[Event "Schachfestival 2020-Open"]
[Site "Bad Woerishofen"]
[Date "2020.03.11"]
[Round "6.2"]
[White "Karpatchev, Alexandr"]
[Black "Burmakin, Vladimir"]
[Result "1-0"]
[WhiteElo "2412"]
[BlackElo "2514"]
[PlyCount "88"]
[EventDate "2020.??.??"]
[WhiteTeam "SF Bad Mergentheim"]

1. e4 c6 2. Nc3 d5 3. Nf3 g6 4. d4 Bg7 5. Bf4 dxe4 6. Nxe4 Nf6 7. Nxf6+ exf6 8.
Bc4 O-O 9. O-O Nd7 10. Re1 Nb6 11. Bb3 Nd5 12. Bd2 Be6 13. c4 Ne7 14. Bb4 Re8
15. d5 cxd5 16. Bxe7 Rxe7 17. cxd5 Bd7 18. Rxe7 Qxe7 19. d6 Qe8 20. Qd4 f5 21.
Qd2 Bf6 22. Re1 Qf8 23. Ne5 Bxe5 24. Rxe5 Re8 25. Qe3 Rxe5 26. Qxe5 Qe8 27. f4
Be6 28. g3 b6 29. Qd4 Qd7 30. Ba4 b5 31. Bb3 a5 32. Qe5 a4 33. Bd5 b4 34. b3
axb3 35. Bxb3 h6 36. Qd4 g5 37. Bxe6 fxe6 38. fxg5 hxg5 39. Qxb4 Kf7 40. Qd4
Qd8 41. a4 g4 42. Qc5 Ke8 43. a5 Kd7 44. a6 f4 1-0

[Event "Schachfestival 2020-Open"]
[Site "Bad Woerishofen"]
[Date "2020.03.11"]
[Round "6.3"]
[White "Assaubayeva, Bibisara"]
[Black "Akash G"]
[Result "0-1"]
[WhiteElo "2370"]
[BlackElo "2487"]
[Annotator "chessorg"]
[PlyCount "86"]
[EventDate "2020.??.??"]

1. Nf3 g6 2. d4 Bg7 3. e4 d6 4. c3 Nd7 5. Bc4 e6 6. O-O Ne7 7. a4 O-O 8. a5 Rb8
9. Bb3 b5 10. Bf4 Bb7 11. Nbd2 e5 12. dxe5 dxe5 13. Be3 c5 14. a6 Ba8 15. Qe2
Qc7 16. h4 Nf6 17. Bg5 Nh5 18. Qe3 Kh8 19. Bh6 Bxh6 20. Qxh6 Ng8 21. Qe3 Ngf6
22. g3 Ng4 23. Qe2 f5 24. Ng5 c4 25. Bc2 Qc6 26. Kg2 h6 27. Nh3 Rbd8 28. f3
Nxg3 29. Kxg3 f4+ 30. Kg2 Ne3+ 31. Kh2 Nxc2 32. Rac1 Ne3 33. Rg1 Qf6 34. Nf1
Rd3 35. Nxe3 fxe3 36. Kg3 Bxe4 37. fxe4 Rd2 38. Qf1 Qd6 39. Qe1 Qd3 40. Rg2
Rff2 41. Rg1 Qxe4 42. Nxf2 Qf4+ 43. Kh3 exf2 0-1

[Event "Schachfestival 2020-Open"]
[Site "Bad Woerishofen"]
[Date "2020.03.11"]
[Round "6.5"]
[White "Pirrot, Dieter"]
[Black "Stojanovski, Sandi"]
[Result "1-0"]
[WhiteElo "2313"]
[BlackElo "2209"]
[PlyCount "53"]
[EventDate "2020.??.??"]
[WhiteTeam "SV 1920 Hofheim"]

1. e4 c5 2. d4 cxd4 3. c3 Nf6 4. e5 Nd5 5. Nf3 e6 6. cxd4 d6 7. Bc4 Be7 8. O-O
O-O 9. Re1 Nc6 10. exd6 Qxd6 11. Nc3 Rd8 12. Bb3 b6 13. Ng5 Nf6 14. Qf3 Bd7 15.
Nce4 Nxd4 16. Qh3 Qc7 17. Nxf6+ Bxf6 18. Qxh7+ Kf8 19. Bd2 a5 20. Rac1 Qb7 21.
Qh5 Bc6 22. Rxc6 Nxc6 23. Nxe6+ Kg8 24. Nf4 Ne5 25. Rxe5 Rxd2 26. Ng6 Rd1+ 27.
Qxd1 1-0

[Event "Schachfestival 2020-Open"]
[Site "Bad Woerishofen"]
[Date "2020.03.11"]
[Round "6.7"]
[White "Winkel, Peter"]
[Black "Wacker, Peter"]
[Result "1-0"]
[WhiteElo "2175"]
[BlackElo "2274"]
[PlyCount "58"]
[EventDate "2020.??.??"]
[WhiteTeam "Turm Krefeld"]
[BlackTeam "Klub Koelner SF e.V. 1967"]

1. d4 Nf6 2. Nf3 e6 3. g3 b5 4. Bg2 Bb7 5. O-O Be7 6. Bg5 O-O 7. Qd3 d5 8. Qxb5
Ba6 9. Qa4 Bxe2 10. Re1 Ba6 11. Ne5 h6 12. Bxf6 Bxf6 13. Nd2 c6 14. c3 Bxe5 15.
Rxe5 Qb6 16. b4 Re8 17. Re3 Nd7 18. Rae1 Bb5 19. Qd1 Qa6 20. Qc2 Nb6 21. f4 Rf8
22. g4 Qc8 23. g5 a5 24. gxh6 g6 25. Rxe6 Ra7 26. R6e3 axb4 27. cxb4 Qg4 28.
Qc5 Qc8 29. Qxb6 Rxa2 1-0

[Event "Schachfestival 2020-Open"]
[Site "Bad Woerishofen"]
[Date "2020.03.11"]
[Round "6.11"]
[White "Schaefer, Michael"]
[Black "Heinbuch, Detlef Ulrich"]
[Result "0-1"]
[WhiteElo "2158"]
[BlackElo "2283"]
[Annotator "chessorg"]
[PlyCount "70"]
[EventDate "2020.??.??"]
[WhiteTeam "Moerlenbach-Birkenau"]
[BlackTeam "SV Bochum 02"]

1. d4 c5 2. e3 Nf6 3. Nf3 e6 4. Bd3 b6 5. O-O Bb7 6. Nbd2 Nc6 7. b3 Be7 8. Bb2
cxd4 9. exd4 O-O 10. Re1 Rc8 11. a3 d5 12. Ne5 Nxe5 13. dxe5 Nd7 14. Bd4 Nc5
15. Bf1 Rc7 16. f3 Qc8 17. b4 Nd7 18. c3 Ba6 19. b5 Bb7 20. Bd3 a5 21. f4 g6
22. a4 Rxc3 23. Bxc3 Qxc3 24. Nb3 Nc5 25. Nxc5 Qd4+ 26. Kh1 bxc5 27. Rf1 c4 28.
Bxc4 Qxc4 29. Rc1 Qb4 30. Rc7 Ba8 31. Qc2 Bd8 32. Rb1 Qxb1+ 33. Qxb1 Bxc7 34.
h4 Bb6 35. h5 Rc8 0-1

[Event "Schachfestival 2020-Open"]
[Site "Bad Woerishofen"]
[Date "2020.03.11"]
[Round "6.16"]
[White "Kraemer, Max"]
[Black "Gohla, Ulf"]
[Result "1-0"]
[WhiteElo "2065"]
[BlackElo "2156"]
[Annotator "chessorg"]
[PlyCount "75"]
[EventDate "2020.??.??"]
[WhiteTeam "SK Caissa Augsburg"]
[BlackTeam "SV Wattenscheid"]

1. d4 d5 2. c4 c6 3. cxd5 cxd5 4. Bf4 Nc6 5. e3 a6 6. Nf3 Bg4 7. Be2 e6 8. O-O
Nf6 9. h3 Bh5 10. Ne5 Bxe2 11. Qxe2 Nxe5 12. Bxe5 Bd6 13. Bxd6 Qxd6 14. Nc3 O-O
15. Na4 Nd7 16. Rfc1 Rfc8 17. b3 b5 18. Nb2 Qf8 19. Nd3 f6 20. Qb2 Ra7 21. Rc2
Rac7 22. Rac1 Qd6 23. Rc3 e5 24. R1c2 e4 25. Nf4 Rxc3 26. Rxc3 Rxc3 27. Qxc3 g5
28. Qc8+ Kf7 29. Nh5 Nf8 30. Ng3 Qe6 31. Qb7+ Kg6 32. Ne2 Qd6 33. a3 Ne6 34.
Qa8 f5 35. Qe8+ Kf6 36. Ng3 Ng7 37. Qh8 Kg6 38. Qxg7+ 1-0

[Event "Schachfestival 2020-Open"]
[Site "Bad Woerishofen"]
[Date "2020.03.11"]
[Round "6.17"]
[White "Stabolewski, Andreas"]
[Black "Gutierrez Carmona, Juan Alejandro"]
[Result "0-1"]
[WhiteElo "2102"]
[BlackElo "2183"]
[PlyCount "80"]
[EventDate "2020.??.??"]
[WhiteTeam "Schachtiger Langenhagen"]

1. Nf3 d5 2. d4 Nf6 3. c4 e6 4. e3 Be7 5. Nc3 O-O 6. Bd3 dxc4 7. Bxc4 c5 8. O-O
Nc6 9. a3 cxd4 10. exd4 a6 11. Re1 b5 12. Ba2 Bb7 13. Bg5 Nd5 14. Bd2 Nxc3 15.
bxc3 Rc8 16. Bb1 Bf6 17. a4 b4 18. cxb4 Nxd4 19. Nxd4 Bxd4 20. Ra3 Qh4 21. Qe2
Rfd8 22. Rf1 g6 23. Rg3 Bf6 24. f4 Bg7 25. b5 axb5 26. axb5 Qf6 27. Be3 Qc3 28.
Kh1 Qc4 29. Qxc4 Rxc4 30. b6 h5 31. h3 h4 32. Rg4 Rc3 33. Bf2 Rd2 34. Kh2 Rb3
35. Bxh4 f5 36. Rxg6 Kf7 37. Rg5 Bf6 38. Rc1 Bxg5 39. Rc7+ Kg6 40. Rxb7 Bxh4
0-1

[Event "Schachfestival 2020-Open"]
[Site "Bad Woerishofen"]
[Date "2020.03.11"]
[Round "6.20"]
[White "Ballon, Guenther Jan"]
[Black "Kretschel, Klaus"]
[Result "1-0"]
[WhiteElo "2167"]
[BlackElo "2056"]
[PlyCount "95"]
[EventDate "2020.??.??"]
[WhiteTeam "Caissa Amsterdam"]
[BlackTeam "SAbt TuS Fuerstenfeldbruck"]

1. d4 Nf6 2. c4 e6 3. Nc3 Bb4 4. f3 d5 5. a3 Bxc3+ 6. bxc3 O-O 7. cxd5 exd5 8.
e3 c5 9. Bd3 Qa5 10. Bd2 c4 11. Bc2 Nc6 12. Ne2 Ne7 13. Ng3 h5 14. O-O h4 15.
Nh1 Bf5 16. Nf2 Bxc2 17. Qxc2 Ng6 18. e4 dxe4 19. fxe4 Qh5 20. Rae1 Rac8 21.
Nh3 Ne7 22. Bg5 Rc6 23. Rf4 Ng6 24. Rf5 Qh7 25. Qf2 Ng4 26. Qf3 Nh6 27. Ra5 a6
28. Qh5 f6 29. Bd2 Rb6 30. Qd5+ Nf7 31. Qxc4 Rb2 32. Bc1 Rb1 33. Qa2 Rb6 34.
Qe2 Ne7 35. Rh5 Nh6 36. Bxh6 gxh6 37. Rxh4 Rf7 38. Qe3 Kg7 39. Nf4 f5 40. e5
Ng6 41. Nh5+ Kf8 42. Nf6 Qg7 43. Rxh6 f4 44. Qh3 Rfxf6 45. exf6 Qxf6 46. Rh5
Rb5 47. Qc8+ Kg7 48. Qd7+ 1-0